państwa uczestniczące w euro 2024 - Statystyki

Ogólne statystyki
  • Ten quiz został rozwiązany 88 razy
  • Średni wynik to 18 z 24
Statystyki odpowiedzi
zakwalifikowani
na euro 2024
odpadli w
barażach
% Poprawnych
anglia
100%
austria
100%
belgia
100%
czechy
100%
dania
100%
francja
100%
gruzja
100%
holandia
100%
polska
100%
portugalia
100%
rumunia
100%
serbia
100%
słowacja
100%
turcja
100%
ukraina
100%
węgry walia
62%
niemcy estonia
56%
chorwacja islandia
42%
albania grecja
38%
szwajcaria bośnia ihercegowina
30%
hiszpania izrael
27%
słowenia kazachstan
27%
włochy luksemburg
26%
szkocja filandia
4%
Nie znaleziono quizów pasujących do podanych kryteriów
Rozkład punktacji
Procent ludzi z każdym wynikiem
Percentyl według liczby udzielonych odpowiedzi
Twoja historia wyników
Nie rozwiązałeś tego quizu